| 000 | 00000nam 2200000zi 4500 |
| 001 | 9.905936 |
| 003 | CaOODSP |
| 005 | 20221107180958 |
| 006 | m o d f |
| 007 | cr cn||||||||| |
| 008 | 211213s1930 oncae|| o f000 0 fre d |
| 040 | |aCaOODSP|bfre|erda|cCaOODSP |
| 043 | |an-cn--- |
| 086 | 1 |aA12-2/132-1930F-PDF |
| 100 | 1 |aElford, F. C., |eauteur. |
| 245 | 13|aLa construction du poulailler avec plans généraux et détaillés / |cpar F.C. Elford et H.S. Gutteridge. |
| 264 | 1|aOttawa : |bMinistère de l'agriculture, |c1930. |
| 300 | |a1 ressource en ligne (41 pages) : |billustrations, plans. |
| 336 | |atexte|btxt|2rdacontent/fre |
| 337 | |ainformatique|bc|2rdamedia/fre |
| 338 | |aressource en ligne|bcr|2rdacarrier/fre |
| 490 | 1 |aBulletin, nouvelle série ; |vno. 132 |
| 500 | |aÉdition numérisée de l'imprimé [par Agriculture et Agroalimentaire Canada]. |
| 500 | |aTitre de la couverture. |
| 500 | |aPublié aussi en anglais sous le titre : Poultry house construction, with general and detailed plans. |
| 500 | |a«Service de l'aviculture, Fermes expérimentales fédérales.» |
| 650 | 6|aPoulaillers|zCanada|xDessins et plans. |
| 710 | 1 |aCanada. |bMinistère de l'agriculture, |eorganisme de publication. |
| 775 | 08|tPoultry house construction, with general and detailed plans |w(CaOODSP)9.822838 |
| 830 | #0|aBulletin (Canada. Ministerè de l'agriculture) |vnº 132. |w(CaOODSP)9.812393 |
| 856 | 40|qPDF|s5.37 Mo|uhttps://publications.gc.ca/collections/collection_2021/aac-aafc/A12-2-132-1930-fra.pdf |